| 000 | 00805nam a2200229Ia 4500 | ||
|---|---|---|---|
| 008 | 130821s1959 enka gr eng | ||
| 040 |
_aCo-BoUCM _bspa |
||
| 041 | 0 | 0 | _aeng |
| 100 | 1 |
_aBoulding, Kenneth E. _q(Kenneth Ewart) _d1910-1993 _9141668 |
|
| 245 | 1 | 0 |
_aPrinciples of economic policy _cKenneth E. Boulding |
| 260 |
_aLondres (Inglaterra) _bStaples Press _c1959 |
||
| 300 |
_aviii, 440 páginas _bilustraciones, gráficas |
||
| 500 | _aDonación Dr. Álvaro Daza Roa. | ||
| 500 | _aIncluye índice. | ||
| 650 | 0 | 4 |
_aDesarrollo económico _9438 |
| 650 | 0 | 4 |
_aPolítica agrícola _921913 |
| 650 | 0 | 4 |
_aPolítica comercial _97944 |
| 650 | 0 | 4 |
_aPolítica económica _921972 |
| 650 | 0 | 4 |
_aPolítica fiscal _921986 |
| 942 |
_cLIBRO _a7 _e1 _mB68p _2DEWEY _h338.9 |
||
| 999 |
_c71089 _d71089 |
||